A study of the races of the white-fronted goose (Anser albifrons) occurring in California /

Bibliographic Details
Main Author: Swarth, H. S. (Harry Schelwald), 1878-1935
Other Authors: Bryant, H. C. (Harold Child), 1886-1968
Format: Book
Language:English
Published: Berkeley : University of California press, 1917.
Series:University of California publications in zoology ; v. 17, no. 11.

MARC

Tag First Indicator Second Indicator Subfields
LEADER 00000cam a2200000 4500
001 in00000023154
005 20151007064314.0
008 770331s1917 caua b 00010 engmc
010 |a a 17001513  
035 |a (OCoLC)02851236 
035 |9 AAD9528AM 
040 |a Calif. U. Lib.  |c VTU  |d VTU  |d TXA  |d UtOrBLW 
049 |a TXAM  |c [850306] 
090 |a QL1  |b .C15 v. 17, no. 11 
100 1 |a Swarth, H. S.  |q (Harry Schelwald),  |d 1878-1935. 
245 1 2 |a A study of the races of the white-fronted goose (Anser albifrons) occurring in California /  |c by H. S. Swarth and Harold C. Bryant. 
264 1 |a Berkeley :  |b University of California press,  |c 1917. 
300 |a [209]-222 pages :  |b illustrations ;  |c 27 cm. 
336 |a text  |b txt  |2 rdacontent 
337 |a unmediated  |b n  |2 rdamedia 
338 |a volume  |b nc  |2 rdacarrier 
490 1 |a University of California publications in zoology, v.17, no.11 
500 |a Contribution from the Museum of vertebrate zoology of the University of California. 
504 |a "Literature cited": page 221. 
700 1 |a Bryant, H. C.  |q (Harold Child),  |d 1886-1968. 
740 0 |a White-fronted goose. 
830 0 |a University of California publications in zoology ;  |v v. 17, no. 11. 
999 |a MARS 
999 f f |s 5f2b6777-68bc-3512-a4e9-b16fae21b7aa  |i 68652508-4cc9-3d7c-a1c0-9da2b51ded90  |t 0 
952 f f |p normal  |a Texas A&M University  |b College Station  |c Sterling C. Evans Library  |d Evans: Library Stacks  |t 0  |e QL1 .C15 v. 17, no.1-9,11-18  |h Library of Congress classification  |i unmediated -- volume  |m A14804907861 
952 f f |a Texas A&M University  |b College Station  |c Sterling C. Evans Library  |d Evans: Library Stacks  |t 0  |e QL1 .C15 v. 17, no.1-9,11-18  |h Library of Congress classification 
998 f f |a QL1 .C15 v. 17, no.1-9,11-18  |t 0  |l Evans: Library Stacks